000 00391nam a2200145 a 4500
005 20140414093847.0
008 110304s19uu xx 00 eng d
050 _aCD 495.1
_bG76 2007
100 _aGrassco, John Francis
245 _aThe everything speaking mandarin chinese book.
260 _aUSA :
_bF+W Publications,
_c2007.
650 _aMandarin
942 _cAVM
999 _c109713
_d109713